000 00903nam a22002177a 4500
005 20150130153722.0
008 131118b2009 ck ||||| |||| 00| 0 spa d
040 _aCO-BoIAVH
_cCO-BoIAVH
041 _aspa
044 _ack
090 _aIAVH
_b01534
100 _aMarquez- Cesar
_92724
245 _aCurso teorico practico investigacion y conservacion de aves rapaces en Colombia
260 _aBogota
_bInstituto de Investigación de Recursos Biológicos Alexander von Humboldt
_c2009
300 _a85 p.
_bil.
_c27 cm
520 _aCurso dirigido a funcionarios encargados de los centros de atencion y valoracion y centros de rehabilitacion de fauna y responsables del recurso fauna de las corporaciones autonamas de Santander,Tolima, Guavio, Boyaca, Cundinamarca.
650 _aConservacion
_932309
650 _aAves rapaces
_932310
700 _aSoler Tovar-Diego
_92745
942 _2z
_cINFORME
999 _c7852
_d7852